000 00719nam a2200289Ia 4500
005 20260324111942.0
008 008 260324s9999 xx 000 0 eng d
020 _a9781003477129
037 _aEBOOK
040 _aCRL
040 _beng
040 _cCRL
041 _2eng
041 _aeng
084 _qCRL
100 _aGreg Byrne
_91140691
245 0 _aMaking Jury Trials Fair
245 2 _bA Jury-centric Approach to Criminal Laws, Guiding Juries and Juror Comprehension
260 _bTaylor and Francis
260 _c2025
365 _a
365 _b220
856 _uhttp://www.taylorfrancis.com/books/9781003477129
942 _cEBOOK
999 _c1729696
_d1729696